Kaziyadu: reciente despertar del ordenamiento territorial (Registro nro. 246785)

Detalles MARC
001 - NÚMERO DE CONTROL
campo de control 746025
005 - FECHA Y HORA DE LA ÚLTIMA TRANSACCIÓN
campo de control 20260221100716.0
008 - DATOS DE LONGITUD FIJA--INFORMACIÓN GENERAL
campo de control de longitud fija 020604e20011001 spa
035 ## - NÚMERO DE CONTROL DEL SISTEMA
Número de control de sistema 746025
035 ## - NÚMERO DE CONTROL DEL SISTEMA
Número de control de sistema (OCoLC)819948273
040 ## - FUENTE DE LA CATALOGACIÓN
Centro/agencia transcriptor comduadb
041 ## - CÓDIGO DE LENGUA
Código de lengua del texto/banda sonora o título independiente spa
100 10 - ENTRADA PRINCIPAL--NOMBRE DE PERSONA
Nombre de persona Fals Borda, Orlando,
Fechas asociadas al nombre 1925-2008
Código de función aut
Número de control del registro de autoridad o número normalizado (isni)0000 0000 8173 6044
-- (viaf)49250840
Término indicativo de función/relación Autor/a
9 (RLIN) 242742
245 10 - MENCIÓN DE TÍTULO
Título Kaziyadu: reciente despertar del ordenamiento territorial
650 #7 - PUNTO DE ACCESO ADICIONAL DE MATERIA--TÉRMINO DE MATERIA
Término de materia o nombre geográfico como elemento de entrada Ordenamiento territorial
Subdivisión geográfica Colombia
Fuente del encabezamiento o término lemb
9 (RLIN) 99436
650 ## - PUNTO DE ACCESO ADICIONAL DE MATERIA--TÉRMINO DE MATERIA
Término de materia o nombre geográfico como elemento de entrada Regiones - Colombia
9 (RLIN) 41490
650 ## - PUNTO DE ACCESO ADICIONAL DE MATERIA--TÉRMINO DE MATERIA
Término de materia o nombre geográfico como elemento de entrada Vergara y Velasco, Francisco Javier
9 (RLIN) 102988
650 ## - PUNTO DE ACCESO ADICIONAL DE MATERIA--TÉRMINO DE MATERIA
Término de materia o nombre geográfico como elemento de entrada Huitotos (Indigenas)
9 (RLIN) 177768
773 0# - ENLACE AL DOCUMENTO FUENTE/ENTRADA DE REGISTRO ANFITRIÓN
Título Boletín de la Sociedad Geográfica de Colombia (Bogotá)
Parte(s) relacionada(s) Vol. 45, No. 133, Oct. 2001, p. 52-60
Número de control del registro 190186
Número Internacional Normalizado para Publicaciones Seriadas 0037-8577
Número bibliográfico anfitrión 85358
942 ## - ELEMENTOS DE ENTRADA AGREGADA (KOHA)
Tipo de ítem Koha Artículo de Revista

No hay ítems disponibles.